Treated ground: engineering properties and performance (Record no. 102156)

MARC details
000 -LEADER
fixed length control field 01127cam a2200277 4500
008 - FIXED-LENGTH DATA ELEMENTS--GENERAL INFORMATION
fixed length control field 020523n2002 000 0 eng u
020 ## - INTERNATIONAL STANDARD BOOK NUMBER
International Standard Book Number 0860175723
035 ## - SYSTEM CONTROL NUMBER
System control number (Sirsi) u118625
041 ## - LANGUAGE CODE
Language code of text/sound track or separate title eng.
050 ## - LIBRARY OF CONGRESS CALL NUMBER
Classification number 624.15
100 ## - MAIN ENTRY--PERSONAL NAME
Personal name Charles, J. A.
245 ## - TITLE STATEMENT
Title Treated ground: engineering properties and performance
260 ## - PUBLICATION, DISTRIBUTION, ETC.
Place of publication, distribution, etc. London
Name of publisher, distributor, etc. CIRIA
Date of publication, distribution, etc. 2002
300 ## - PHYSICAL DESCRIPTION
Extent 168p.
Other physical details ill
Dimensions 30cm.
350 ## - PRICE (NR) (BK AM CF MU VM SE) [OBSOLETE]
Price 90
490 ## - SERIES STATEMENT
Series statement CIRIA Publication
Volume/sequential designation C572
520 ## - SUMMARY, ETC.
Summary, etc. Aims to establish the best assessments and measurements of engineering properties and performance of treated ground, and to explain how to measure and assess such properties and performance. Presents information that will be of use to geotechnical specialists and those involved in building and civil engineering projects requiring ground treatment.
650 ## - SUBJECT ADDED ENTRY--TOPICAL TERM
Topical term or geographic name entry element GROUND TREATMENT
650 ## - SUBJECT ADDED ENTRY--TOPICAL TERM
Topical term or geographic name entry element BUILT ENVIRONMENT-BUILDING ELEMENTS-COMPLETE BUILDING ELEMENTS-FOUNDATIONS
650 ## - SUBJECT ADDED ENTRY--TOPICAL TERM
Topical term or geographic name entry element GROUND IMPROVEMENT
650 ## - SUBJECT ADDED ENTRY--TOPICAL TERM
Topical term or geographic name entry element CIVIL ENGINEERING
650 ## - SUBJECT ADDED ENTRY--TOPICAL TERM
Topical term or geographic name entry element FOUNDATION ENGINEERING
690 ## - LOCAL SUBJECT ADDED ENTRY--TOPICAL TERM (OCLC, RLIN)
Topical term or geographic name as entry element BUILT ENVIRONMENT
700 ## - ADDED ENTRY--PERSONAL NAME
Personal name Watts, K.S.
942 ## - ADDED ENTRY ELEMENTS (KOHA)
Suppress in OPAC 0
Source of classification or shelving scheme Dewey Decimal Classification
Holdings
Withdrawn status Lost status Source of classification or shelving scheme Damaged status Not for loan Home library Current library Shelving location Date acquired Cost, normal purchase price Total Checkouts Full call number Barcode Date last seen Copy number Cost, replacement price Price effective from Koha item type
    Dewey Decimal Classification     London London Books 02/07/2002 90.00   CIRIA REPORTS 30066010 10/04/2024 1 90.00 06/08/2019 Book